000 00731nam a2200193 4500
008 s1999 le ara u
040 _aLB-BrCRDP
082 1 _a1re.S
_bPHI.g
100 1 _aSeif, Antoine
245 1 0 _a الفلسفة والحضارات - التعليم الثانوي، السنة الثانية. فرع العلوم. الدليل التربوي
_cAntoine Seif
260 _aBeirut
_bCentre de Recherche et de Développement Pédagogiques
_c1999
300 _a32 p.
_bcouv. couleur, ill. noir et blanc.
_c27 cm
490 0 _aLe livre scolaire national
650 4 _aPhilosophie
650 4 _aClasse de 1re
650 4 _aCivilisation
942 _cBK
999 _c4530
_d4530